LEADER 01382nam a2200289 4500 001 000000356430 003 CaOOAMICUS 005 20231213101830.0 008 231213s1974 gw 000 u ger r 020 $a3-429-00380-6 040 $aSeMil$bita 245 04$aDas Mysterium und die Mystik :$bBeiträge zur Theologie der christlichen Gotteserfahrung /$cherausgegeben und eingeleitet von Josef Sudbrack. 264 1$aWürzburg :$bEchter ;$aStuttgart :$bKatholisches Bibelwerk,$c1974. 300 $a154 p. ;$c21 cm 490 1 $aGeist und Leben 650 4$aEsperienza - Teologia.$0(OLS)http://semarc/subject/35221 650 4$aMistica cristiana.$0(OLS)http://semarc/subject/911 700 1 $aSudbrack, Josef,$c.$0(OLS)http://semarc/name/11841 830 0$aGeist und Leben.$0(OLS)http://semarc/title/446704 850 $aSeMil 852 $aSeMil$W1$xVenegono$y1$m2C VII 398$j245326$B247597$CSeMilBibl$Z2$F247597 $81 961 $aBiblioteca FTIS - Omaggio 996 $6020$a3-429-00380-6$9(OLS)http://semarc/number/299487 996 $6245$aDas Mysterium und die Mystik :$bBeiträge zur Theologie der christlichen Gotteserfahrung$9(OLS)http://semarc/title/446702 996 $6264$aWürzburg :$bEchter$9(OLS)http://semarc/publisher/29704 996 $6264$aStuttgart :$bKatholisches Bibelwerk$9(OLS)http://semarc/publisher/32450 LEADER 00849naa a2200145 i 4500 001 000000325493 003 CaOOAMICUS 005 20180831173503.0 008 180831n it u000 u ita u 013 $a36540 040 $aSeMil$bita 245 10$aLetture bibliche per ogni giorno della settimana [Settimana di Preghiera per l'Unità dei Cristiani], con riflessione francescana. - In :$bAppendici. 700 1 $aSettimana di Preghiera per l'Unità dei Cristiani <2016>.$0(OLS)http://semarc/name/82875 773 0 $tChiamati per annunziare a tutti le opere meravigliose di Dio.$dVenezia : ISE "San Bernardino", 2015.$kQuaderni di Studi Ecumenici$gp.[167]-187$w()247366 996 $6245$aLetture bibliche per ogni giorno della settimana [Settimana di Preghiera per l'Unità dei Cristiani], con riflessione francescana. - In :$bAppendici.$9(OLS)http://semarc/title/398649 LEADER 01080nam a2200265 i 4500 001 000000124275 003 CaOOAMICUS 005 20040310000000.0 008 040310s1995 it u000 u ita u 013 $a96972 020 $a88-7610-402-X 040 $aSeMil$bita 100 1 $aSalvucci, Raul.$0(OLS)http://semarc/name/51622 245 10$aIndicazioni pastorali di un esorcista :$bparole chiare su una realtà oscura /$cRaul Salvucci. 250 $a5. ed. 260 $aMilano :$bÀncora,$c1995. 300 $a318 p. ;$c21 cm. 650 4$aEsorcismi.$0(OLS)http://semarc/subject/7025 650 4$aEsorcismo - Pastorale.$0(OLS)http://semarc/subject/17201 850 $aSeMil 852 $aSeMil$W1$xVenegono$y1$m2R III 440$j78878$B78878$CSeMilBibl$Z2$F81113 $81 961 $aRecupero: Seminario di Seveso 996 $6020$a88-7610-402-X$9(OLS)http://semarc/number/110038 996 $6245$aIndicazioni pastorali di un esorcista :$bparole chiare su una realtà oscura$9(OLS)http://semarc/title/407941 996 $6260$aMilano :$bÀncora$9(OLS)http://semarc/publisher/29763